000 01840nmm a2200493 a 4500
001 ocm0002348233
003 TR-IsHL
005 20201028185532.0
008 190822s2019 tu tur
007 cr cn
020 _a9786052813867
035 _a2348233
_b(N$T)
050 0 4 _aPL21
_b.D56 2019
090 0 4 _aPL21
_b.D56 2019
245 1 0 _aDil - Edebiyat ve tarih araştırmaları
_h[electronic resource] /
_ceditörler Dr. Öğr. Üyesi Hüseyin Demir, Öğr. Gör. Tunay Karaköy ; yazarlar Adem Doğan, Ahmet Altay, Ahmet Yavuzyılmaz, Alp Eren Demirkaya, Cahit Karakök, Eyup Zorlu, Huriye Çolaklar, Hüseyin Demir, Mehmet Bölükbaşı, Mukarama Yakşi, Naz Penah, Nurgül Karahan, Özlem Onar Güneş, Tunay Karakök
250 _a1. Baskı
260 _aİstanbul :
_bHiperlink Yayınları,
_c2019
300 _a332 p.
650 4 _aDil ve Edebiyat
650 4 _aLanguage and Literature
650 0 _aTürk dilleri
_x Araştırma
650 0 _aTukish language
_x Research
650 0 _aTürk edebiyatı
_x Araştırma
650 0 _aTurkish litareature
_x Research
650 0 _aTarih
_x Araştırma
650 0 _aHistory
_x Research
650 7 _aLANGUAGE ARTS & DISCIPLINES / Study & Teaching
_2bisacsh
700 1 _aDemir, Hüseyin
700 1 _aKaraköy,Tunay
700 1 _aDoğan, Adem
700 1 _aAltay, Ahmet
700 1 _aYavuzyılmaz, Ahmet
700 1 _aDemirkaya, Alp Eren
700 1 _aKarakök, Cahit
700 1 _aZorlu, Eyup
700 1 _aÇolaklar, Huriye
700 1 _aBölükbaşı, Mehmet
700 1 _aYakşi, Mukarama
700 1 _aPenah, Naz
700 1 _aKarahan, Nurgül
700 1 _aGüneş, Özlem Onar
700 1 _a
856 4 0 _uhttp://search.ebscohost.com/login.aspx?direct=true&scope=site&db=e011xww&AN=2348233
999 _c21508
_d21508